000 00509nam a2200181 a 4500
005 20140310183213.0
008 000522s19uu xx 00 eng d
020 _a076195839X
050 _aHM 251
_b.T385 1998
245 _aTheory and social psychology /
_cedited by Roger Sapsford...[et al.].
260 _aLondon :
_bSage Publications,
_c1998.
300 _a215 p. :
_c25 cm.
500 _aIncludes index.
521 _aPSYCH
650 _aSocial psychology.
942 _cBK
_2lcc
_kFOR
999 _c20187
_d20187